000 01004nam a2200265Ia 4500
003 OSt
005 20221005105208.0
006 a|||||r|||| 00| 0
007 ta
008 221004b |||||||| |||| 00| 0 hin d
020 _a9788179752371 (hbk)
_c600
024 _a15552
037 _b244, 29/01/2015, Eastern Book Linkers
_cTextual
040 _aCRL
_cCRL
_bhin
041 _2hin
_ahin
082 _aY5927.2, 152P8
100 _aचौधरी, उमा शंकर, संपा.
_9160210
245 0 _aहाशिये की वैचारिकी
246 _aHāshiye kī vaichārikī
260 _aनई दिल्ली
_bअनामिका पब्लिशर्स भारत
_c2008
300 _a351पृ0
_ccm.
650 _aभारतीय-लोक साहित्य
942 _hY5927.2, 152P8
_cTEXL
_2cc
999 _c1015070
_d1015070